| 000 | 00668cam a22002291 4500 | ||
|---|---|---|---|
| 001 | sa 68017173 | ||
| 003 | DLC | ||
| 005 | 20260227112700.0 | ||
| 008 | 730816s1967 xx 000 0 ind | ||
| 010 | _asa 68017173 | ||
| 035 | _a(OCoLC)679508 | ||
| 040 |
_aDLC _cOAU _dOCoLC _dDLC |
||
| 042 | _apremarc | ||
| 050 | 0 | 0 |
_aLG181.M4 _bB8 |
| 245 | 0 | 0 | _aBuku peringatan dies natalis U.S. U., Medan. |
| 260 |
_a[Medan] _bBiro Rektor U.S.U. _c[1967- |
||
| 300 |
_av. _billus. _c24 cm. |
||
| 500 | _aIndonesian or English, with summary in English. | ||
| 504 | _aIncludes bibliographies. | ||
| 610 | 2 | 0 | _aUniversitas Sumatera Utara. |
| 710 | 2 | _aUniversitas Sumatera Utara. | |
| 999 |
_c87559 _d87559 |
||